000 00341nam a2200145Ia 4500
008 191201s1997 xx 000 0 und d
082 _a677.028242
_bASP
100 _aASWANI, K T
245 0 _aPlain Weaving Motions
250 _aRep
260 _aN.Delhi
_bMahajan Brother
_c1997
300 _a93
650 _aB.Tech(TE)
942 _2ddc
_cBK
999 _c2243
_d2243